| 000 | pam a22 a 4500 | ||
|---|---|---|---|
| 999 |
_c4261 _d4261 |
||
| 003 | AKMAL | ||
| 005 | 20170526102041.0 | ||
| 008 | 170526s2014 my e a001 0 may d | ||
| 020 |
_a9789674120177 _qpaperback |
||
| 082 | 0 | 4 |
_a297.574 HEW _223 |
| 090 | 0 | 0 |
_a297.574 _bHEW |
| 100 | 1 |
_aHew, Wai Weng, _eauthor. _98328 |
|
| 245 | 1 | 0 |
_aIdentiti Cina Muslim Di Malaysia : _bPersempadanan Perundingan & Kacukan Budaya / _cHEW WAI WENG |
| 264 | 1 |
_aBangi, Selangor : _bPenerbit Universiti Kebangsaan Malaysia, _c2014 |
|
| 300 |
_a250 pages ; _c23 cm |
||
| 500 | _aIncludes index | ||
| 504 | _aBibliography: page [235]-245 | ||
| 650 | 1 | 0 |
_aMuslims _zChina _zMalaysia _98329 |
| 650 | 2 | 0 |
_aMuslim converts _98330 |
| 942 |
_2ddc _cBOOK |
||